000 01365nam a2200397 i 4500
001 49878
003 KOSZ 005
005 20200831144043.0
008 120522s2012 pl f f |000 p pol
020 _a9788388285424
040 _cBPK
041 _apol
044 _aPOL
080 _a699.8
080 _a691
080 _a349.442(438)
080 _a(083.1)
245 0 0 _aIzolacje budowlane :
_bnowe technologie, projektowanie, wykonawstwo, regulacje prawne /
_czespół aut. pod red. Michała Wójtowicza i Zbigniewa Ściślewskiego ; Barbara Francke [et al.].
250 _aStan prawny: kwiecień 2008. - 3 aktualizacja.
260 _aWarszawa :
_bWydawnictwo Verlag Dashöfer,
_c2008.
300 _aSkoroszyt ;
_c23 cm +
_eCD ROM.
380 _aKsiążki
388 _a2001-
648 _a2001-
650 4 _aIzolacje
650 4 _aMateriały budowlane
650 4 _aNormalizacja
651 7 _aPolska
658 _aArchitektura i budownictwo
700 1 _aFrancke, Barbara
_eAutor
700 1 _aWójtowicz, Michał
_eRedakcja
700 1 _aŚciślewski, Zbigniew
_d(1936-2005)
_eRedakcja
710 2 _aInstytut Techniki Budowlanej
_4pbl
856 _uhttp://koha.tu.koszalin.pl/cgi-bin/koha/opac-detail.pl?biblionumber=49878
_yKatalog online BPK
942 _cKS
_2UKD
999 _c49878
_d49878